000 01219nac a22003611ca4500
001 a987692951
008 191220s2007 gw |||| 000u eng d
020 _a9780199226610
_a978-0-19-156884-8
_9978-0-19-922661-0
041 _aeng
100 1 _aMalmesbury, of William
245 0 0 _aGesta pontificum Anglorum :
_bThe History of the English Bishops /
_cWilliam of Malmesbury
264 _aOxford, [England] :
_bClarendon Press,
_c2007
300 _a2 Online-Ressource
336 _aText
_btxt
_2rdacontent
337 _aComputermedien
_bc
_2rdamedia
338 _aOnline-Ressource
_bcr
_2rdacarrier
500 _aE-Book-ProQuest / Fernzugriff nach Registrierung möglich
500 _aIncludes bibliographical references and indexes
600 0 _aWilhelm von Malmesbury 1080-1142 Gesta Pontificum Anglorum
648 0 _a597-1125
650 0 _aBischof
650 0 _aKirchengeschichte
651 0 _aEngland
655 0 _aKommentar
655 0 _aQuelle
655 0 _aFernzugriff
856 4 _uhttps://ebookcentral.proquest.com/lib/maxweberstiftung-ebooks/detail.action?docID=431328
942 _cEB
040 _cRU-10907106
003 RU-10907106
999 _c31792
_d31792
490 0 _aOxford medieval texts